La métaphysique et la science ou Principes de métaphysiqye positive / (Record no. 166835)

MARC details
000 -LEADER
campo de control de longitud fija 00627nam a22001815i 4500
001 - NÚMERO DE CONTROL
campo de control 166835
003 - IDENTIFICADOR DE NÚMERO DE CONTROL
campo de control ES-MaACL
005 - FECHA Y HORA DE LA ÚLTIMA TRANSACCIÓN
campo de control 20251015063150.0
008 - DATOS DE LONGITUD FIJA--INFORMACIÓN GENERAL
campo de control de longitud fija 980907s1858 fr |||| | fre d
040 ## - FUENTE DE CATALOGACIÓN
Centro catalogador/agencia de origen CAM
Lengua de catalogación spa
Centro/agencia transcriptor CAM
100 1# - ENTRADA PRINCIPAL--NOMBRE DE PERSONA
Nombre de persona Vacherot, Étienne,
Fechas asociadas al nombre 1809-1897
9 (RLIN) 133481
245 13 - MENCIÓN DEL TÍTULO
Título La métaphysique et la science ou Principes de métaphysiqye positive /
Mención de responsabilidad, etc. par Etienne Vacherot.
260 ## - PUBLICACIÓN, DISTRIBUCIÓN, ETC.
Lugar de publicación, distribución, etc. Paris :
Nombre del editor, distribuidor, etc. F. Chamerot,
Fecha de publicación, distribución, etc. 1858 (
Fabricante L. Martinet)
300 ## - DESCRIPCIÓN FÍSICA
Extensión 2 v. (XXXVI 452 ; 693 p.) ;
Dimensiones 24 cm.
650 #7 - PUNTO DE ACCESO ADICIONAL DE MATERIA--TÉRMINO DE MATERIA
Término de materia o nombre geográfico como elemento de entrada Metafísica
Fuente del encabezamiento o término embne
9 (RLIN) 15012
852 ## - LOCALIZACIÓN
Ubicación ES-MaACL
Número de control de estantería G-9565-66
Nota libre -- Enc. pasta
Holdings
Estatus retirado Estado de pérdida Estado de daño No para préstamo Colección Biblioteca de origen Biblioteca actual Ubicación en estantería Fecha de adquisición Total de préstamos Signatura topográfica completa Código de barras Visto por última vez Precio de reemplazo Tipo de ítem Koha
        Libros del s. XIX Biblioteca del Ateneo de Madrid Biblioteca del Ateneo de Madrid Sala Pecera Planta 3 17/01/2008   G-9565-66 1174998 23/02/2023 23/02/2023 Libro impreso antiguo